[Event "Police Gniota Memorial 23rd"]
[Site "Police"]
[Date "2008.07.14"]
[Round "7"]
[White "Kostyra, Mariusz"]
[Black "Koziak, Vitali"]
[Result "0-1"]
[WhiteElo "2188"]
[BlackElo "2489"]
[PlyCount "106"]
[EventDate "2008.07.09"]
[EventType "swiss"]
[EventRounds "9"]
[EventCountry "POL"]
[SourceTitle "CBM 125 Extra"]
[Source "ChessBase"]
[SourceDate "2008.09.01"]
[SourceVersion "1"]
[SourceVersionDate "2008.09.01"]
[SourceQuality "1"]

1. e4 e5 2. Nf3 Nc6 3. d4 exd4 4. c3 dxc3 5. Bc4 cxb2 6. Bxb2 Bb4+ 7. Nc3 Nf6 8. Qc2 d6 9. 0-0-0 Bxc3 10. Qxc3 Qe7 11. Rhe1 Ne5 12. Nxe5 Qxe5 13. Qb3 Qg5+ 14. Kb1 0-0 15. Rd3 b5 16. Rg3 bxc4 17. Rxg5 cxb3 18. Bxf6 bxa2+ 19. Kxa2 g6 20. f4 Re8 21. h4 h5 22. e5 c5 23. Rf1 dxe5 24. Rxe5 Be6+ 25. Ka1 Rec8 26. Rc1 c4 27. Ra5 a6 28. Ra3 Rc6 29. Be5 Bd5 30. g3 f6 31. Bc3 Rb8 32. Rb1 Rb3 33. Raxb3 cxb3 34. Kb2 Kf7 35. Rd1 Ke6 36. Rd2 Bc4 37. Rd8 Kf5 38. Rf8 Re6 39. Ka3 Rc6 40. Bb2 Rb6 41. Ka4 Kg4 42. Rxf6 Rxf6 43. Bxf6 Kxg3 44. Ka3 Kxf4 45. Kb2 Ke4 46. Bg5 Kd3 47. Bf6 a5 48. Bg5 a4 49. Be7 Bf7 50. Bg5 a3+ 51. Kxa3 Kc2 52. Bf6 g5 53. hxg5 h4 0-1

[Event "Police Gniota Memorial 23rd"]
[Site "Police"]
[Date "2008.07.12"]
[Round "4"]
[White "Kostyra, Mariusz"]
[Black "Danielsen, Henrik"]
[Result "0-1"]
[WhiteElo "2188"]
[BlackElo "2526"]
[PlyCount "90"]
[EventDate "2008.07.09"]
[EventType "swiss"]
[EventRounds "9"]
[EventCountry "POL"]
[SourceTitle "CBM 125 Extra"]
[Source "ChessBase"]
[SourceDate "2008.09.01"]
[SourceVersion "1"]
[SourceVersionDate "2008.09.01"]
[SourceQuality "1"]

1. e4 d5 2. exd5 Qxd5 3. Nc3 Qa5 4. d4 c6 5. Nf3 Nf6 6. Bc4 Bf5 7. Bd2 e6 8. Qe2 Bb4 9. 0-0-0 Nbd7 10. Ne5 Nxe5 11. dxe5 Nd5 12. Nxd5 exd5 13. Bb3 0-0-0 14. a3 Bxd2+ 15. Qxd2 Qc7 16. Rhe1 h5 17. Qg5 g6 18. h3 Be6 19. c3 Qb6 20. Bc2 Qxf2 21. Rf1 Qb6 22. Rf3 d4 23. cxd4 Rxd4 24. Rxd4 Qxd4 25. Rf1 Rd8 26. Rd1 Qb6 27. Rxd8+ Qxd8 28. Qe3 Qd5 29. Qe2 Qc5 30. Kd2 Qd4+ 31. Kc1 Qg1+ 32. Kd2 Bd5 33. e6 fxe6 34. Bxg6 h4 35. Bh5 Qxg2 36. Qxg2 Bxg2 37. Bg4 Kd7 38. Ke3 Ke7 39. b4 b6 40. Kf2 Bd5 41. Ke3 Kf6 42. Kf4 e5+ 43. Ke3 c5 44. bxc5 bxc5 45. Bc8 Be6 0-1

[Event "Police Gniota Memorial 23rd"]
[Site "Police"]
[Date "2008.07.10"]
[Round "2"]
[White "Kostyra, Mariusz"]
[Black "Kalinitschew, Sergey"]
[Result "0-1"]
[WhiteElo "2188"]
[BlackElo "2456"]
[PlyCount "58"]
[EventDate "2008.07.09"]
[EventType "swiss"]
[EventRounds "9"]
[EventCountry "POL"]
[SourceTitle "CBM 125 Extra"]
[Source "ChessBase"]
[SourceDate "2008.09.01"]
[SourceVersion "1"]
[SourceVersionDate "2008.09.01"]
[SourceQuality "1"]

1. e4 c5 2. Nf3 d6 3. Bb5+ Bd7 4. Bxd7+ Nxd7 5. 0-0 Ngf6 6. Qe2 e6 7. c3 Be7 8. d4 cxd4 9. cxd4 d5 10. e5 Ne4 11. Nc3 Nxc3 12. bxc3 Rc8 13. Bd2 Rc6 14. Ne1 0-0 15. f4 f5 16. Nd3 Nb6 17. Rfb1 Rf7 18. a4 Bf8 19. Rb3 Nc4 20. Nb4 Bxb4 21. cxb4 Nxd2 22. Qxd2 Rfc7 23. Rbb1 Rc2 24. Qd1 Qc8 25. h3 R7c3 26. Kh2 h6 27. Qh5 Kh7 28. Qf7 Qc4 29. Qxe6 Rxg2+ 0-1

[Event "Police Gniota Memorial 22nd"]
[Site "Police"]
[Date "2007.07.18"]
[Round "8"]
[White "Krasowski, Slawomir"]
[Black "Kostyra, Mariusz"]
[Result "1/2-1/2"]
[WhiteElo "2081"]
[BlackElo "2175"]
[PlyCount "163"]
[EventDate "2007.07.11"]
[EventType "swiss"]
[EventRounds "9"]
[EventCountry "POL"]
[SourceTitle "CBM 119 Extra"]
[Source "ChessBase"]
[SourceDate "2007.09.04"]
[SourceVersion "1"]
[SourceVersionDate "2007.09.04"]
[SourceQuality "1"]

1. e4 e5 2. Nf3 Nc6 3. Bc4 Nf6 4. d3 Bc5 5. c3 d6 6. h3 0-0 7. Nbd2 Re8 8. b4 Bb6 9. Qb3 Be6 10. Ng5 d5 11. exd5 Bxd5 12. 0-0 a5 13. Nde4 Bxc4 14. Qxc4 Qe7 15. b5 Nd8 16. a4 Nxe4 17. Nxe4 Qe6 18. Ba3 Qg6 19. Nc5 Bxc5 20. Bxc5 Ne6 21. Be3 Rad8 22. Rad1 Rd6 23. Rd2 Red8 24. Rfd1 f5 25. f3 f4 26. Bf2 b6 27. Kf1 Kf8 28. Qe4 Qxe4 29. fxe4 g5 30. Ke2 h5 31. d4 g4 32. hxg4 hxg4 33. Bh4 R8d7 34. Bf6 Nxd4+ 35. cxd4 Rxf6 36. dxe5 Rxd2+ 37. Rxd2 Rf7 38. Rd8+ Ke7 39. Rg8 Ke6 40. Rxg4 Kxe5 41. Kf3 Rd7 42. Rg5+ Ke6 43. Kxf4 Rd4 44. Rg6+ Kd7 45. Kf5 Rxa4 46. e5 Rb4 47. e6+ Kd6 48. Rg7 Rxb5+ 49. Kf6 Rb2 50. Rd7+ Kc6 51. g4 a4 52. g5 a3 53. Rd3 a2 54. Ra3 Kd6 55. Rd3+ Kc6 56. Ra3 Rf2+ 57. Ke7 b5 58. Ra6+ Kb7 59. Ra5 b4 60. g6 b3 61. g7 Rg2 62. Kf7 b2 63. Rxa2 Rxg7+ 64. Kxg7 b1Q 65. e7 Qxa2 66. e8Q Qg2+ 67. Kh7 Qd5 68. Qe7 Qd6 69. Qf7 Qb6 70. Qe7 Qb5 71. Kg6 Kb6 72. Qd8 Qe5 73. Qb8+ Kc5 74. Qa7+ Kd6 75. Qb8 Kd7 76. Qa7 Ke6 77. Qa2+ Kd6 78. Qd2+ Ke7 79. Qc2 c5 80. Qa4 Kd6 81. Qa6+ Kd7 82. Qb5+ 1/2-1/2

[Event "Police Gniota Memorial 22nd"]
[Site "Police"]
[Date "2007.07.15"]
[Round "5"]
[White "Ciszewski, Eugeniusz"]
[Black "Kostyra, Mariusz"]
[Result "0-1"]
[WhiteElo "1993"]
[BlackElo "2175"]
[PlyCount "62"]
[EventDate "2007.07.11"]
[EventType "swiss"]
[EventRounds "9"]
[EventCountry "POL"]
[SourceTitle "CBM 119 Extra"]
[Source "ChessBase"]
[SourceDate "2007.09.04"]
[SourceVersion "1"]
[SourceVersionDate "2007.09.04"]
[SourceQuality "1"]

1. d4 Nf6 2. c4 g6 3. Nc3 Bg7 4. Nf3 0-0 5. Bg5 d6 6. e3 Nbd7 7. Be2 e5 8. dxe5 dxe5 9. Nd2 h6 10. Bh4 c6 11. b4 Qe7 12. a3 Rd8 13. Qc2 Nf8 14. 0-0 g5 15. Bg3 Ng6 16. Rfd1 h5 17. f3 g4 18. Bf2 Be6 19. Bd3 e4 20. fxe4 Ne5 21. Be2 Nh7 22. Rab1 h4 23. c5 Qg5 24. Nf1 Qf6 25. Rbc1 Ng5 26. Bxh4 Nh3+ 27. gxh3 Qxh4 28. Bxg4 Bxg4 29. hxg4 Nf3+ 30. Kh1 Bxc3 31. Qxc3 Qf2 0-1

[Event "Police Gniota Memorial 22nd"]
[Site "Police"]
[Date "2007.07.13"]
[Round "3"]
[White "Graf, Pawel"]
[Black "Kostyra, Mariusz"]
[Result "1/2-1/2"]
[WhiteElo "2130"]
[BlackElo "2175"]
[PlyCount "157"]
[EventDate "2007.07.11"]
[EventType "swiss"]
[EventRounds "9"]
[EventCountry "POL"]
[SourceTitle "CBM 119 Extra"]
[Source "ChessBase"]
[SourceDate "2007.09.04"]
[SourceVersion "1"]
[SourceVersionDate "2007.09.04"]
[SourceQuality "1"]

1. e4 e5 2. Nf3 Nc6 3. Bb5 a6 4. Ba4 Nf6 5. Bxc6 dxc6 6. d3 Qe7 7. Nbd2 g6 8. Nc4 Nd7 9. Bd2 Bg7 10. Qe2 0-0 11. g4 Nc5 12. Ne3 Ne6 13. 0-0-0 Nd4 14. Nxd4 exd4 15. Nc4 b5 16. Na5 c5 17. Kb1 f5 18. gxf5 gxf5 19. Rhg1 f4 20. Qh5 Kh8 21. Rg5 c4 22. Nc6 Qf7 23. Ne5 Bxe5 24. Qxf7 Rxf7 25. Rxe5 Bb7 26. Rg1 Rg8 27. Reg5 Rxg5 28. Rxg5 f3 29. Bb4 Rg7 30. Rg3 Rxg3 31. hxg3 Kg7 32. Bc5 cxd3 33. cxd3 a5 34. Kc2 a4 35. Bxd4+ Kf7 36. Kd2 Bc8 37. Ke3 Bg4 38. Bc5 Ke6 39. d4 c6 40. Kf4 h5 41. Kg5 Kf7 42. Bb4 Ke6 43. Kg6 Kd7 44. Kf6 Bh3 45. Ke5 Bg4 46. a3 Bh3 47. Bd2 Bg4 48. Bg5 Bh3 49. Kf4 Bg4 50. Ke3 Ke6 51. Kf4 Kd7 52. Ke5 Bh3 53. d5 Bg4 54. Kd4 cxd5 55. Kc5 Kc8 56. Kxd5 Kd7 57. Kc5 Be6 58. Kxb5 Bb3 59. Kc5 Ke6 60. Kd4 Kf7 61. Ke5 Be6 62. Bd2 Bg4 63. Kf4 Ke6 64. Bc3 Kd7 65. Kg5 Ke6 66. Kg6 Ke7 67. b4 axb3 68. a4 Kd6 69. a5 Kc5 70. a6 Kb6 71. e5 Kxa6 72. Kf7 Kb5 73. e6 Kc4 74. Bb2 Kd3 75. Kg6 Ke2 76. Bd4 b2 77. Bxb2 Kxf2 78. e7 Bd7 79. Bd4+ 1/2-1/2

[Event "Lasker Memorial op-B"]
[Site "Barlinek"]
[Date "2001.??.??"]
[Round "8"]
[White "Gavrilenko, Aleksander"]
[Black "Kostyra, Mariusz"]
[Result "1/2-1/2"]
[WhiteElo "2120"]
[BlackElo "2195"]
[PlyCount "113"]
[EventDate "2001.07.19"]
[EventType "swiss"]
[EventRounds "10"]
[EventCountry "POL"]
[SourceTitle "EXT 2003"]
[Source "ChessBase"]
[SourceDate "2002.11.25"]
[SourceVersion "1"]
[SourceVersionDate "2002.11.25"]
[SourceQuality "1"]

1. c4 Nf6 2. Nc3 g6 3. e4 d6 4. d4 Bg7 5. f3 0-0 6. Bg5 Nc6 7. Nge2 a6 8. Qd2 Rb8 9. d5 Ne5 10. Ng3 c6 11. Rc1 Qa5 12. Be2 b5 13. cxb5 cxb5 14. b3 b4 15. Nd1 Bb7 16. 0-0 Rfc8 17. Ne3 Rxc1 18. Rxc1 Rc8 19. Rxc8+ Bxc8 20. Qc2 Bd7 21. Ngf1 Qb6 22. h3 Bb5 23. Qc8+ Bf8 24. Bxb5 Qxb5 25. Bxf6 exf6 26. f4 Nd3 27. g3 Nc5 28. e5 fxe5 29. fxe5 dxe5 30. Nc4 Kg7 31. d6 Nd7 32. Nfe3 h5 33. Qc7 Nf6 34. g4 e4 35. Qc8 hxg4 36. hxg4 a5 37. Qc7 a4 38. Qa7 axb3 39. axb3 Qg5 40. Qd4 Qb5 41. Ne5 Kg8 42. d7 Nxd7 43. Nxd7 Bg7 44. Qd5 Qe2 45. Qxe4 Qe1+ 46. Kg2 Qd2+ 47. Kf3 Qxd7 48. Qxb4 Qc6+ 49. Qe4 Qc3 50. b4 Bd4 51. b5 Qb2 52. g5 Bxe3 53. Qe8+ Kg7 54. Kxe3 Qc1+ 55. Kd4 Qf4+ 56. Kc5 Qxg5+ 57. Kc6 1/2-1/2

[Event "Lasker Memorial op-B"]
[Site "Barlinek"]
[Date "2001.??.??"]
[Round "10"]
[White "Mednikova, Svetlana"]
[Black "Kostyra, Mariusz"]
[Result "1-0"]
[WhiteElo "2155"]
[BlackElo "2195"]
[PlyCount "111"]
[EventDate "2001.07.19"]
[EventType "swiss"]
[EventRounds "10"]
[EventCountry "POL"]
[SourceTitle "EXT 2003"]
[Source "ChessBase"]
[SourceDate "2002.11.25"]
[SourceVersion "1"]
[SourceVersionDate "2002.11.25"]
[SourceQuality "1"]

1. e4 e5 2. Nf3 Nc6 3. Be2 Nf6 4. d3 Be7 5. 0-0 0-0 6. c3 d5 7. Nbd2 Re8 8. Re1 Bf8 9. Qc2 Qd6 10. Bf1 dxe4 11. dxe4 Nh5 12. Nc4 Qg6 13. Ne3 Nf4 14. b4 a6 15. Nh4 Qf6 16. Nhf5 g6 17. Ng3 Be6 18. Bd2 Rad8 19. Rad1 h5 20. Bc1 h4 21. Ne2 Bh6 22. Nd5 Bxd5 23. exd5 Ne7 24. c4 Nxe2+ 25. Qxe2 Bxc1 26. Rxc1 Nf5 27. Qf3 Qg5 28. Rcd1 Nd4 29. Qd3 c6 30. dxc6 Nxc6 31. Qc3 Nd4 32. c5 Re6 33. Qe3 Qf6 34. Rc1 e4 35. Bc4 Ree8 36. Red1 Qe5 37. Qh6 Nf5 38. Qxg6+ Ng7 39. Bxf7+ Kf8 40. Bxe8 Rxe8 41. Qd6+ Qe7 42. Rd5 Kf7 43. Qd7 Kf6 44. Rd6+ Ne6 45. Qxe7+ Rxe7 46. Re1 Kf5 47. f3 a5 48. a3 axb4 49. axb4 Ng5 50. fxe4+ Kg4 51. e5 h3 52. gxh3+ Nxh3+ 53. Kf1 Rf7+ 54. Rf6 Rh7 55. Re4+ Kg5 56. Rf3 1-0

[Event "Tierpark op 2nd"]
[Site "Ueckermuende"]
[Date "1998.??.??"]
[Round "?"]
[White "Kostyra, Mariusz"]
[Black "Paehtz, Thomas Jr"]
[Result "0-1"]
[WhiteElo "2250"]
[BlackElo "2120"]
[PlyCount "90"]
[EventDate "1998.??.??"]
[EventType "swiss"]
[EventRounds "7"]
[EventCountry "GER"]
[SourceTitle "EXT 2001"]
[Source "ChessBase"]
[SourceDate "2000.11.22"]
[SourceVersion "1"]
[SourceVersionDate "2000.11.22"]
[SourceQuality "1"]

1. e4 e6 2. d4 d5 3. Nc3 Be7 4. Nf3 Nf6 5. e5 Ne4 6. Bd3 Nxc3 7. bxc3 c5 8. 0-0 Bd7 9. c4 dxc4 10. Bxc4 Bc6 11. c3 Nd7 12. Be3 0-0 13. Nd2 b5 14. Bd3 Nxe5 15. Bxh7+ Kxh7 16. Qh5+ Kg8 17. dxe5 Qd3 18. Qg4 Qxc3 19. Qg3 c4 20. Rac1 Qd3 21. Nf3 Bxf3 22. gxf3 Qg6 23. Rfd1 Rfd8 24. Rxd8+ Rxd8 25. Qxg6 fxg6 26. Kf1 a6 27. Ke2 Rd3 28. f4 Kf7 29. Rc2 Ba3 30. Kf3 a5 31. Ke4 a4 32. f3 Rd1 33. h4 Be7 34. h5 gxh5 35. f5 Re1 36. fxe6+ Kxe6 37. Kd4 Bd8 38. Bf4 Bb6+ 39. Kc3 Be3 40. Bxe3 Rxe3+ 41. Kd4 Rxe5 42. f4 Rf5 43. Ke4 g5 44. fxg5 Rxg5 45. Kd4 h4 0-1

[Event "Tierpark op 2nd"]
[Site "Ueckermuende"]
[Date "1998.??.??"]
[Round "?"]
[White "Mueller, Matthias"]
[Black "Kostyra, Mariusz"]
[Result "0-1"]
[WhiteElo "2385"]
[BlackElo "2250"]
[PlyCount "58"]
[EventDate "1998.??.??"]
[EventType "swiss"]
[EventRounds "7"]
[EventCountry "GER"]
[SourceTitle "EXT 2001"]
[Source "ChessBase"]
[SourceDate "2000.11.22"]
[SourceVersion "1"]
[SourceVersionDate "2000.11.22"]
[SourceQuality "1"]

1. c4 Nf6 2. Nc3 g6 3. d4 Bg7 4. e4 d6 5. Be2 0-0 6. Bg5 c5 7. d5 e6 8. Qd2 exd5 9. cxd5 Re8 10. f3 a6 11. Bh6 Bh8 12. g4 b5 13. h4 Qa5 14. h5 c4 15. hxg6 fxg6 16. Bf4 Qc7 17. Nh3 Nbd7 18. Ng5 Nc5 19. Be3 Re7 20. Qc2 Bd7 21. Rd1 b4 22. e5 Rxe5 23. Nxh7 Be8 24. Nxf6+ Bxf6 25. Bxc5 bxc3 26. Bd4 cxb2 27. Qxb2 c3 28. Qc2 Rb8 29. Bxe5 Bxe5 0-1

[Event "POL-chT2"]
[Site "Augustow"]
[Date "1997.??.??"]
[Round "?"]
[White "Jedryczka, Krystian"]
[Black "Kostyra, Mariusz"]
[Result "1-0"]
[WhiteElo "2205"]
[BlackElo "2250"]
[PlyCount "83"]
[EventDate "1997.??.??"]
[EventType "team"]
[EventRounds "9"]
[EventCountry "POL"]
[SourceTitle "EXT 2003"]
[Source "ChessBase"]
[SourceDate "2002.11.25"]
[SourceVersion "1"]
[SourceVersionDate "2002.11.25"]
[SourceQuality "1"]

1. e4 e5 2. Nc3 Nf6 3. Bc4 Nxe4 4. Qh5 Nd6 5. Bb3 Nc6 6. Nb5 g6 7. Qf3 f5 8. Qd5 Qe7 9. Nxc7+ Kd8 10. Nxa8 b6 11. Nxb6 axb6 12. Qf3 Bb7 13. h4 h6 14. d3 Nd4 15. Qh3 f4 16. Bd2 Bg7 17. 0-0-0 Kc7 18. Nf3 N6b5 19. Nxd4 Nxd4 20. Rhe1 Ra8 21. Kb1 Qc5 22. Bc3 Nb5 23. d4 exd4 24. Bd2 g5 25. hxg5 hxg5 26. Qh7 Bf6 27. Qg6 Bh8 28. f3 Nd6 29. a3 Rxa3 30. bxa3 Qxa3 31. Bc1 Qa5 32. Bb2 Ba6 33. Qg8 Bf6 34. Qd5 Nb5 35. Re4 Bb7 36. Qc4+ Bc6 37. Qa4 Nc3+ 38. Bxc3 Qxc3 39. Qc4 Qa5 40. Rexd4 b5 41. Qb4 Qa7 42. c3 1-0

[Event "POL-chT2"]
[Site "Augustow"]
[Date "1997.??.??"]
[Round "?"]
[White "Kostyra, Mariusz"]
[Black "Plich, Adam"]
[Result "1-0"]
[WhiteElo "2250"]
[BlackElo "2050"]
[PlyCount "73"]
[EventDate "1997.??.??"]
[EventType "team"]
[EventRounds "9"]
[EventCountry "POL"]
[SourceTitle "EXT 2003"]
[Source "ChessBase"]
[SourceDate "2002.11.25"]
[SourceVersion "1"]
[SourceVersionDate "2002.11.25"]
[SourceQuality "1"]

1. e4 c5 2. Nf3 e6 3. b4 cxb4 4. a3 Nf6 5. e5 Nd5 6. axb4 Bxb4 7. c3 Be7 8. d4 Nc6 9. Bd3 d6 10. h4 h6 11. h5 Qc7 12. Qe2 dxe5 13. dxe5 b6 14. Bd2 Bb7 15. Na3 a6 16. 0-0 Na5 17. Nd4 b5 18. Qg4 Bxa3 19. Rxa3 Nc4 20. Nxb5 axb5 21. Rxa8+ Bxa8 22. Bxc4 Qxc4 23. Qxg7 Rf8 24. Bxh6 Qc5 25. Ra1 Bb7 26. Ra7 Qxa7 27. Qxf8+ Kd7 28. Qxf7+ Kc6 29. Qxe6+ Kc5 30. Bf8+ Kc4 31. h6 Qa1+ 32. Kh2 Qd1 33. h7 Qh5+ 34. Qh3 Qxe5+ 35. g3 Qh8 36. Qg4+ Kb3 37. Qg7 1-0

[Event "POL-chT2"]
[Site "Augustow"]
[Date "1997.??.??"]
[Round "?"]
[White "Maka, Magdalena"]
[Black "Kostyra, Mariusz"]
[Result "0-1"]
[WhiteElo "2025"]
[BlackElo "2250"]
[PlyCount "98"]
[EventDate "1997.??.??"]
[EventType "team"]
[EventRounds "9"]
[EventCountry "POL"]
[SourceTitle "EXT 2003"]
[Source "ChessBase"]
[SourceDate "2002.11.25"]
[SourceVersion "1"]
[SourceVersionDate "2002.11.25"]
[SourceQuality "1"]

1. e4 e5 2. Nf3 Nc6 3. Bb5 a6 4. Ba4 Nf6 5. d3 d6 6. c3 Be7 7. Nbd2 0-0 8. Nf1 b5 9. Bb3 d5 10. exd5 Nxd5 11. Ng3 Nf4 12. Bxf4 exf4 13. Ne2 Bg4 14. Nxf4 Ne5 15. Bd5 Bg5 16. d4 Nc4 17. Bxa8 Qxa8 18. Nd3 Re8+ 19. Kf1 Nd2+ 20. Nxd2 Bxd1 21. Rxd1 Bxd2 22. Rxd2 Qe4 23. h4 b4 24. Rh3 bxc3 25. bxc3 Rb8 26. Rd1 Qd5 27. Kg1 Qxa2 28. Nb4 Qa4 29. Re1 h6 30. Re7 a5 31. Nd5 c6 32. Nf4 Qd1+ 33. Kh2 Ra8 34. Rf3 a4 35. Nd3 a3 36. Ne5 Qxf3 37. Nxf3 a2 38. Re1 a1Q 39. Rxa1 Rxa1 40. c4 f6 41. h5 Rc1 42. c5 Kf7 43. Kg3 Ke6 44. Kf4 Rc2 45. Ke3 Kd5 46. Nh4 Rc3+ 47. Kd2 Kxd4 48. Nf5+ Kc4 49. Nd6+ Kb4 0-1